000 00517cam a2200205ua 4500
020 _c495.00
041 _aeng
_h
082 _a547
_bRIE/PR
100 _aRietz, Edward G .
245 _aProblems in organic chemistry /
_cEdward G Rietz.
_hTextual Documents
250 _a1 /
_b.
260 _aNew Delhi :
_bPrentice Hall of India Pvt Ltd. ,
_c1963.
300 _a332 ; .
365 _a495.00
500 _aBinding
504 _a
700 1 _aPolland , C B .
942 _cBK
999 _c9550
_d9550